It looks like you're offline.
Open Library logo
additional options menu

MARC record from Internet Archive

LEADER: 01139cam 2200337 i 4500
001 ocm02709601
003 OCoLC
005 20091202112737.0
008 760609s1975 ilua j be 001 0 eng
010 $a 73093660
040 $aDLC$cDLC$dOCLCQ$dBTCTA$dIEU
020 $a0716600757
020 $a9780716600756
035 $a(OCoLC)2709601
042 $alcac
050 00 $aAE5$b.W55 1975
082 00 $a031
245 04 $aThe World book encyclopedia.
260 $aChicago :$bField Enterprises Educational Corp.,$c[1975]
300 $a26 v. :$bill. (some col.) ;$c26 cm.
504 $aIncludes bibliographies and index.
505 2 $av. 23-24. Australasia.--v. 25-26. British Isles.
520 $aAn encyclopedia designed especially to meet the needs of elementary, junior high, and high school students.
650 0 $aEncyclopedias and dictionaries.
650 1 $aEncyclopedias and dictionaries.
710 2 $aField Enterprises Educational Corporation.
938 $aBaker and Taylor$bBTCP$n73093660
029 1 $aNZ1$b3741972
029 1 $aAU@$b000000725603
994 $aZ0$bPMR
948 $hNO HOLDINGS IN PMR - 97 OTHER HOLDINGS